| 000 | 00688cab a2200217 4500 | ||
|---|---|---|---|
| 001 | WB3306-27 | ||
| 008 | 090401t1997 xxu||||| |||| 00| 0 eng d | ||
| 035 | _a(Sirsi) u43944 | ||
| 041 | _aeng | ||
| 245 | _aInternet service | ||
| 260 | _c1997 | ||
| 350 | _a0 | ||
| 490 |
_aIndependent _v3 February 1997, 18(1) |
||
| 520 | _aNationwide Building Society is considering setting itself up as an Internet service provider, offering free or cheap access to its members. | ||
| 650 | _aFINANCIAL SERVICES | ||
| 650 | _aINTERNET SERVICE | ||
| 650 | _aNATIONWIDE BUILDING SOCIETY | ||
| 690 | _aMANAGEMENT-BUSINESS MANAGEMENT-INFORMATION MANAGEMENT | ||
| 942 | _n0 | ||
| 948 | _c04/03/1997 | ||
| 999 |
_c28012 _d28012 |
||